部首为气的常见中文汉字 Common Chinese characters with the radical “Gas” - Statistics

General Stats
  • This quiz has been taken 40 times
  • The average score is 15 of 19
Answer Stats
拼音首字母 笔画数 汉字 % Correct
h 10
97%
q 9
94%
f 9
88%
y 10
88%
c 7
85%
n 6
85%
q 4
85%
d 6
82%
l 12
79%
p 5
79%
x 7
79%
d 12
76%
y 10
76%
a 10
74%
k 11
71%
y 13
71%
f 8
68%
y 10
68%
q 12
35%
No matching quizzes found
Score Distribution
Percent of People with Each Score
Percentile by Number Answered
Your Score History
You have not taken this quiz